A discourse on method ; (Record no. 131760)
[ view plain ]
| 000 -LEADER | |
|---|---|
| fixed length control field | 01638cam a2200385 a 4500 |
| 001 - CONTROL NUMBER | |
| control field | 3517295 |
| 003 - CONTROL NUMBER IDENTIFIER | |
| control field | ARRUPE |
| 005 - DATE AND TIME OF LATEST TRANSACTION | |
| control field | 20240124131508.0 |
| 008 - FIXED-LENGTH DATA ELEMENTS--GENERAL INFORMATION | |
| fixed length control field | 950912r19861912enk b 000 0 eng |
| 010 ## - LIBRARY OF CONGRESS CONTROL NUMBER | |
| LC control number | 95202136 |
| 020 ## - INTERNATIONAL STANDARD BOOK NUMBER | |
| International Standard Book Number | 0460871269 |
| 040 ## - CATALOGING SOURCE | |
| Original cataloging agency | DLC |
| Transcribing agency | DLC |
| 041 1# - LANGUAGE CODE | |
| Language code of text/sound track or separate title | eng |
| Language code of original and/or intermediate translations of text | frelat |
| 050 00 - LIBRARY OF CONGRESS CALL NUMBER | |
| Classification number | B1837 |
| Item number | .V4 1986 |
| 082 00 - DEWEY DECIMAL CLASSIFICATION NUMBER | |
| Classification number | 194 |
| Edition number | 20 |
| 300 ## - PHYSICAL DESCRIPTION | |
| Dimensions | 20 cm. |
| 100 1# - MAIN ENTRY--PERSONAL NAME | |
| Personal name | Descartes, René, |
| Dates associated with a name | 1596-1650. |
| 9 (RLIN) | 4894 |
| 240 10 - UNIFORM TITLE | |
| Uniform title | <a href="Works.">Works.</a> |
| Form subheading | Selections. |
| Language of a work | English. |
| Date of a work | 1986 |
| 245 12 - TITLE STATEMENT | |
| Title | A discourse on method ; |
| Remainder of title | Meditations on the first philosophy ; Principles of philosophy / |
| Statement of responsibility, etc | Descartes ; translated by John Veitch ; introduction by Tom Sorell. |
| 246 3# - VARYING FORM OF TITLE | |
| Title proper/short title | Discourse on method ; Meditations on the first philosophy ; Principles of philosophy |
| 260 ## - PUBLICATION, DISTRIBUTION, ETC. (IMPRINT) | |
| Place of publication, distribution, etc | London : |
| Name of publisher, distributor, etc | Dent ; |
| Place of publication, distribution, etc | Rutland, Vt. : |
| Name of publisher, distributor, etc | Tuttle, |
| Date of publication, distribution, etc | 1986 |
| Date of manufacture | (1992 printing) |
| 300 ## - PHYSICAL DESCRIPTION | |
| Extent | xxvi, 254 p. ; |
| 440 #0 - SERIES STATEMENT/ADDED ENTRY--TITLE | |
| Title | Everyman's library |
| 9 (RLIN) | 6984 |
| 500 ## - GENERAL NOTE | |
| General note | Originally published: 1912. With new introduction. |
| 500 ## - GENERAL NOTE | |
| General note | Translated from the French. |
| 504 ## - BIBLIOGRAPHY, ETC. NOTE | |
| Bibliography, etc | Includes bibliographical references: (p. xxiii-xxiv). |
| 650 #0 - SUBJECT ADDED ENTRY--TOPICAL TERM | |
| Topical term or geographic name as entry element | Philosophy |
| General subdivision | Early works to 1800. |
| 9 (RLIN) | 17056 |
| 700 1# - ADDED ENTRY--PERSONAL NAME | |
| Personal name | Veitch, John, |
| Dates associated with a name | 1829-1894. |
| 9 (RLIN) | 52360 |
| 700 12 - ADDED ENTRY--PERSONAL NAME | |
| Personal name | Descartes, René, |
| Dates associated with a name | 1596-1650. |
| Title of a work | Meditationes de prima philosophia. |
| Language of a work | English. |
| 9 (RLIN) | 52361 |
| 700 12 - ADDED ENTRY--PERSONAL NAME | |
| Personal name | Descartes, René, |
| Dates associated with a name | 1596-1650. |
| Title of a work | Principia philosophiae. |
| Language of a work | English. |
| 9 (RLIN) | 52362 |
| 740 02 - ADDED ENTRY--UNCONTROLLED RELATED/ANALYTICAL TITLE | |
| Uncontrolled related/analytical title | Meditations on the first philosophy. |
| 740 02 - ADDED ENTRY--UNCONTROLLED RELATED/ANALYTICAL TITLE | |
| Uncontrolled related/analytical title | Principles of philosophy. |
| 906 ## - LOCAL DATA ELEMENT F, LDF (RLIN) | |
| a | 7 |
| b | cbc |
| c | orignew |
| d | 3 |
| e | ncip |
| f | 19 |
| g | y-gencatlg |
| 942 ## - ADDED ENTRY ELEMENTS (KOHA) | |
| Source of classification or shelving scheme | Library of Congress Classification |
| Koha item type | Monograph ( Printed materials) |
| Withdrawn status | Lost status | Source of classification or shelving scheme | Damaged status | Not for loan | Collection code | Home library | Current library | Shelving location | Date acquired | Total Checkouts | Full call number | Barcode | Date last seen | Price effective from | Koha item type |
|---|---|---|---|---|---|---|---|---|---|---|---|---|---|---|---|
| Library of Congress Classification | Main Collection | ARRUPE LIBRARY | ARRUPE LIBRARY | Main Collection | 24/01/2024 | B1837 .V4 1986 | 46700000298 | 24/01/2024 | 24/01/2024 | Monograph ( Printed materials) |